Исследования из области циклических соединений

Библиографические подробности
Главный автор: Кижнер Н. М. Николай Матвеевич
Примечания:Печатано с разрешения Директора Томского Технологического Института Императора Николая II.
Текст в русской дореформенной орфографии
Язык:русский
Опубликовано: Томск, Т-во "Печатня С. П. Яковлева", 1908
Предметы:
Формат: Книга
Запись в KOHA:https://koha.lib.tpu.ru/cgi-bin/koha/opac-detail.pl?biblionumber=373722

MARC

LEADER 00000nam0a2200000 4500
001 373722
005 20231102012606.0
035 |a (RuTPU)RU\TPU\retro\31152 
035 |a RU\TPU\book\305873 
090 |a 373722 
100 |a 20221216d1908 k y0rusy50 ca 
101 0 |a rus 
102 |a RU 
105 |a y z 000zy 
200 1 |a Исследования из области циклических соединений  |f Н. М. Кижнер 
210 |a Томск  |c Т-во "Печатня С. П. Яковлева"  |d 1908 
215 |a 32 с. 
300 |a Печатано с разрешения Директора Томского Технологического Института Императора Николая II. 
300 |a Текст в русской дореформенной орфографии 
606 1 |a Циклические соединения  |x Химия  |2 stltpush  |3 (RuTPU)RU\TPU\subj\76561  |9 87571 
610 1 |a органическая химия 
610 1 |a коллекция ТПУ 
610 1 |a труды учёных ТПУ 
610 1 |a алкоголь 
610 1 |a углеводород 
610 1 |a опыты 
610 1 |a гидрогенизация 
610 1 |a удельный вес 
675 |a 547.5/.8  |v 3 
700 1 |a Кижнер  |b Н. М.  |c российский химик-органик  |c почетный член АН СССР (1934)  |c профессор Томского технологического института (1901-1913)  |f 1867-1935  |g Николай Матвеевич  |2 stltpush  |3 (RuTPU)RU\TPU\pers\19079 
801 1 |a RU  |b 63413507  |c 20150128 
801 2 |a RU  |b 63413507  |c 20221216  |g RCR 
942 |c BK